000 00307nam a2200133Ia 4500
008 190216s9999||||xx |||||||||||||| ||und||
100 _aSaxena. Mc
245 0 _aElectricity And Magnetism
250 _a8th Ed.
260 _bPragathi Prakashan
_c1993
300 _a594
650 _aPhysics
942 _cBK
999 _c33243
_d33243